000 02179cam a22004454i 4500
003 PE-LiUPU
005 20250731172737.0
008 150617s r 000 0 d
035 _a(Sirsi) a11797
040 _aPE-LiUPU
_bspa
_cPE-LiUPU
_erda
049 _aPRUA
082 0 4 _a220.9
_bF54
_221
100 1 _aFinegan, Jack,
_d1908- ,
_eautor.
245 1 0 _aHandbook of biblical chronology :
_bprinciples of time reckoning in the ancient world and problems of chronology in the Bible /
_cJack Finegan.
264 1 _aPrinceton, New Yersey :
_bPrinceton University Press,
_c1964.
300 _a337 páginas ;
_c22 cm.
336 _atext
_2rdacontent
337 _aunmediated
_2rdamedia
338 _avolume
_2rdacarrier
505 0 _aPrinciples of chronology in the ancient world -- Numerals -- Hebrew numerals -- Greek numerals -- Roman numerals -- The reckoning of time in the ancient world -- Units of time -- Calendars -- Official and regnal years -- Eras -- Early christian chronographers -- Chronicles and chronographers -- The chronographies africanus -- The chronicle of Eusebius -- Problems of chronology in the Bible -- Modern systems of biblical chronology -- The old testament -- Abraham -- The exodus -- The kings of Judah and Israel -- The closing period of the kingdom of Judah -- The exile of Jehoiachin -- The dates in Ezekiel -- Post-exilic dates -- The new testament -- The life of Jesus -- The life of Peter -- The life of Paul.
526 _aSEG42
526 _aSEG41
526 _aSEG40
526 _aSEG39
526 _aP94
526 _aP87
526 _aP86
526 _aP85
526 _aP77
526 _aP76
526 _aP35
630 _aBiblia
_xCronología.
910 _ajck
_bjvq
_cjck
_d20150616
942 _2ddc
_cBOOK
949 _a220.9 F54
_wDEWEY
_c1
_i13005
_lCCODEBUL1
_mBUL
_p00.00
_r0
_sY
_tBOOK
_u2015-04-21
_xTEOLOGIA
_PP35
_0COMPRA
_o.STAFF. Colección General
994 _aC0
_bPEPRU
596 _a1
999 _a220.9 F54
_wDEWEY
_c1983
_i13005
_d1983
_f2021-11-11
_g5
_lCCODEBUL1
_mBUL
_q2
_r0
_sY
_tBOOK
_u2015-4-21
_xTEOLOGIA
_PP35
_0COMPRA
_o.STAFF. Colección General
980 _81
_gALBERTO SANCHEZ Responsable de Automatización